Fiscalità diretta e indiretta nel commercio elettronico (Record n. 81937)

Dettagli MARC
000 -LEADER
fixed length control field 01608nam a2200289Ia 4500
001 - CONTROL NUMBER
control field H4643
003 - CONTROL NUMBER IDENTIFIER
control field IT-RoPAU
008 - FIXED-LENGTH DATA ELEMENTS--GENERAL INFORMATION
fixed length control field 130308s9999 xx 000 0 und d
040 ## - CATALOGING SOURCE
Original cataloging agency IT-RoPAU
040 ## - CATALOGING SOURCE
Transcribing agency IT-RoPAU
041 ## - LANGUAGE CODE
Language code of text/sound track or separate title ITALIANO
100 ## - MAIN ENTRY--PERSONAL NAME
Personal name Santacroce Benedetto
100 ## - MAIN ENTRY--PERSONAL NAME
Miscellaneous information Codice Aut. SPICS: 57721
245 ## - TITLE STATEMENT
Title Fiscalità diretta e indiretta nel commercio elettronico
245 ## - TITLE STATEMENT
Remainder of title Problemi giuridici di internet (I) - Dall'E-Commerce All'E-Business
250 ## - EDITION STATEMENT
Edition statement 3a ed.
260 ## - PUBLICATION, DISTRIBUTION, ETC. (IMPRINT)
Place of publication, distribution, etc. MILANO
260 ## - PUBLICATION, DISTRIBUTION, ETC. (IMPRINT)
Name of publisher, distributor, etc. Giuffre'
260 ## - PUBLICATION, DISTRIBUTION, ETC. (IMPRINT)
Date of publication, distribution, etc. 2003 [1° Ed.:2003 - Ed.Ling.Originale:2003]
300 ## - PHYSICAL DESCRIPTION
Extent "44 p. (prefazione: no ; testo: 44 [pagine: 743-786])"
500 ## - GENERAL NOTE
General note "Fonti. Introduzione. imposte Dirette. internet e Locazione Imprese. Stabile Organizzazione. sito web e Server. Provider. Fiscalità Indiretta: conseguenze Iva. Apertura di un sito su Internet: Qualificazione dell'Operazione;Conseguenze Iva. Cessioni di beni Virtuali. Direttiva 2002/38/Ce dell'08.05.2002: Operazioni Online di Tipo B2B business to Business; Operazioni Online B2C business to Consumer; Decorrenza e Durata del Nuovo regime Introdotto con Direttiva 2002/38/Ce. Cessioni di beni Materiali con Internet: Acquisti Intracomunitari; Importazioni. Alcuni Casi Operativi. Regolamento (Ce) N. 792/2002. Caso dell'Editoria: Cessione virtuale di Giornali, libri e Riviste; Biblioteche Universitarie; Considerazioni. Controllo Amministrazioni Fiscali. Osservazioni Conclusive."
650 ## - SUBJECT ADDED ENTRY--TOPICAL TERM
Topical term or geographic name as entry element DIRITTO NELLA MULTIMEDIALITA'
650 ## - SUBJECT ADDED ENTRY--TOPICAL TERM
Relator term Codice materia Spics: 4621
942 ## - ADDED ENTRY ELEMENTS (KOHA)
Koha item type LIBRO
957 ## -
-- 1
999 ## - SYSTEM CONTROL NUMBERS (KOHA)
-- 1
Dati di copia
Withdrawn status Lost status Damaged status Not for loan Home library Current library Date acquired Total Checkouts Full call number Date last seen Price effective from Koha item type Public note
    Buone Condizioni Not For Loan SPICS-MEDIATECA SPICS-MEDIATECA 08/03/2013   H4643 08/03/2013 08/03/2013 LIBRO Progressivo inserimento: 21148 / N. Volumi: 0 [=Contributo] Copie: 1 / data import: 1 marzo 2013 - By Epidotti, Trombetti, Vaglietti.
CREDITS: SOCIETA' SAN PAOLO Via A.Severo, 58 - ROMA (RM) & PERIODICI SAN PAOLO SRL Via Giotto, 36 MILANO & CISF Via Giotto, 36 MILANO & EDIZIONI SAN PAOLO SRL,  Piazza Soncino, 5 CINISELLO BALSAMO (MI) -- ITALY